| 000 | 00592nam a22002057a 4500 | ||
|---|---|---|---|
| 999 |
_c2450 _d2450 |
||
| 003 | AR-CdUCM | ||
| 008 | 190304b ||||| |||| 00| 0 spa d | ||
| 040 |
_aMUNICIPALIDAD PROVINCIAL DEL CUSCO _cBIBLIOTECA MUNICIPAL DEL CUSCO |
||
| 082 |
_a864 / _bG25 |
||
| 100 |
_aGarmendia , Salvador _98770 |
||
| 245 | _aLos Pequeños Seres / | ||
| 260 |
_aCuba : _bCasa de Las Américas ; _c1969. |
||
| 300 |
_a177 páginas _c15cm |
||
| 440 |
_aColección La Honda _98771 |
||
| 505 | _aEnsayo | ||
| 650 |
_aLiteratura española _9193 |
||
| 650 |
_aEnsayo _9274 |
||
| 942 |
_2ddc _cLIBROS |
||
| 945 | _anom | ||